000 00278nam a22001097a 4500
082 _a621.3 BUC'E
100 _aPRICE, E. M,BUCKINGHAM, H
_957259
245 _aELECTRO TECHNOLOGY FOR NATIONAL CERTIFICATE COURSES
250 _aVOL-II
260 _aLONDON
_bEUP
_c1959
942 _cBK
999 _c567554
_d567554